000 01842nam a2200229Ia 4500
999 _c30606
_d30606
003 OSt
005 20220101194506.0
008 160316s2012 xxu||||| |||| 00| 0 eng d
020 _a9789381308295
040 _cNLS
082 _a343.056 MUK-I
100 _aMukerjee T P
245 _aCommentaries on the customs act, 1962 Vol.I
250 _a12th
260 _aDelhi
_bDelhi Law House
_c2012
300 _a1548p
_cxxiii
365 _bRs.4,195 Vols
505 _aContents: Chapter I-Preliminary; Chapter II-Officers of customs; Chapter III-Appointment of customs ports, airports, warehousing stations, etc.; Chapter IV-Prohibitions on importation and exportation of goods; Chapter IV-A-Detection of illegally imported goods and prevention of the disposal thereof; Chapter IV-B-Prevention of detection of illegal export of goods; Chapter IV-C-Power to excempt from the provisions of chapters IV-A and IV-B: Chapter V-Levy of, and exemption from, customs duties; Chapter V-A-Indicating amount of duty in the price of goods, etc., for purpose of refund; Chapter V-B-Advance rulings; Chapter VI-Provisions relating to conveyances carrying imported or exported goods; Chapter VII-Clearance of imported goods and export goods; Chapter VIII-Goods in transit; Chapter IX-Warehousing; Chapter X-Drawback; Chapter X-A-Special provisions relating to special economic zone; Chapter XI-Special provisions regarding baggage, goods imported or exported by post and stores; Chapter XII-Provisions relating to coastal goods and vessels carrying coastal goods; Chapter XIII-Searches, seizure and arrest; Chapter XIV-Confiscation of goods and conveyances and imposition of penalties; Chapter XIV-A-Settlement of cases; Chapter XV-Appeals; Index.
650 _a1.Customs Act - Commentary
700 _a
_a
942 _2ddc
_cBK